Swiss Cities From Above #2 - Statistics

General Stats
  • This quiz has been taken 46 times
  • The average score is 5 of 9
Answer Stats
Picture Answer % Correct
Lausanne
95%
Kloten
84%
La Chaux-de-Fonds
53%
Sion/Sitten
53%
Schaffhausen
45%
Solothurn
42%
Chur
39%
St. Gallen
39%
Winterthur
24%
No matching quizzes found
Score Distribution
Percent of People with Each Score
Percentile by Number Answered
Your Score History
You have not taken this quiz